书目信息 |
| 题名: |
硫酸工学
|
|
| 作者: | 马林 著 ;李敦化 , 李伟强 译 | |
| 分册: | 下册 | |
| 出版信息: | 北京 高等教育出版社 1956 |
|
| 页数: | 254-579页 | |
| 开本: | 20cm | |
| 丛书名: | ||
| 单 册: | ||
| 中图分类: | TQ111 | |
| 科图分类: | ||
| 主题词: | 无机酸--生产 | |
| 电子资源: | ||
| ISBN: | ||
| 000 | 00706nam0 2200241 450 | |
| 001 | 0632071060 | |
| 005 | 20060316085903.59 | |
| 010 | @dCNY1.60 | |
| 100 | @a20060316d1956 km y0chiy0120 ea | |
| 101 | 0 | @achi |
| 102 | @aCN@b110000 | |
| 200 | 1 | @a硫酸工学@Aliu suan gong xue@h下册@fК·М·马林等著@FК·М·ma lin deng zhu@g李敦化,李伟强译@Gli dun hua,li wei qiang yi |
| 205 | @a新1版 | |
| 210 | @a北京@c高等教育出版社@d1956 | |
| 215 | 1 | @a254-579页@d20cm |
| 300 | @a高等学校教学用书 | |
| 606 | 0 | @a无机酸@x生产 |
| 690 | @aTQ111@v4 | |
| 701 | 0 | @a马林@Ama lin@4著 |
| 702 | 0 | @a李敦化@Ali dun hua@4译 |
| 702 | 0 | @a李伟强@Ali wei qiang@4译 |
| 801 | 0 | @aCN@bPFT@c20060316 |
| 905 | @a10447@dTQ111@e3:2 | |
| 硫酸工学.下册/К·М·马林等著/李敦化,李伟强译.-新1版.-北京:高等教育出版社,1956 |
| 254-579页;20cm |
| 高等学校教学用书 |
| ISBN :CNY1.60 |
| ● |
| 相关链接 |
|
|
|
|
正题名:硫酸工学
索取号:TQ111/3:2
 
预约/预借
| 序号 | 登录号 | 条形码 | 馆藏地/架位号 | 状态 | 备注 |
| 1 | 0017922 | 202188006 | 密集书库/ [索取号:TQ111/3:2] | 在馆 |